Dutch National Team - 1998 - Statistics

General Stats
  • This quiz has been taken 14 times
  • The average score is 17 of 22
Answer Stats
Picture Answer % Correct
Dennis Bergkamp
100%
Edgar Davids
100%
Edwin van der Sar
100%
Frank de Boer
100%
Marc Overmars
100%
Patrick Kluivert
100%
Philip Cocu
100%
Ronald de Boer
100%
Giovanni van Bronckhorst
91%
Jaap Stam
91%
Clarence Seedorf
82%
Ed de Goeij
73%
Micheal Reiziger
73%
Pierre van Hooijdonk
73%
Aaron Winter
64%
Jerrel Hasselbaink
64%
Winston Bogarde
64%
Boudewijn Zenden
55%
Wim Jonk
55%
Arthur Numan
45%
André Ooijer
27%
Ruud Hesp
18%
No matching quizzes found
Score Distribution
Percent of People with Each Score
Percentile by Number Answered
Your Score History
You have not taken this quiz